000 00506nam a2200181Ia 4500
008 090124s9999 xx 000 0 und d
082 _b102386
100 _aकृष्ण यशोधन
245 _a प्रो. लिखिते
250 _a1
260 _c1946
300 _a39
600 _aकृष्ण यशोधन
630 _a प्रो. लिखिते
700 _aकृष्ण यशोधन
730 _a प्रो. लिखिते
942 _cBOOK
999 _c148478
_d148478